Регионална библиотека "Любен Каравелов" - Русе

Книга на тайнствата (Запис номер 500176)

MARC детайли
000 -Лидер
Лидер 02085nam a2200337 a 4500
003 - Код на организацията, давaща контролен номер
Код на организацията, даваща контролен номер BLK
005 - Дата и час на последна редакция
Дата и час на последна редакция 20250110131946.0
007 - Фиксирано поле за физическо описани
Физическо описание ta
008 - Елементи от данни с фиксирана дължина
Елементи с фиксирана дължина 221104b bu |||||r|||| 00| | bu d
020 ## - Международен стандартен номер на книга ISBN
ISBN 9786197449860
040 ## - Източник на каталожния запис
Код на библиотеката BLK
041 ## - Код за език
Език Български
Език за КДБФ Български
080 ## - УДК
9 (RLIN) 240481
УДК текст Философски мистицизъм. Ранни езотерични школи. Кабала. Теософия. Антропософия. Суфизъм. Еклектизъм. Синкретизъм. Херметизъм. Розенкройцерство. Др. школи
УДК код 141.33
УДК – код + определител 141.33
080 ## - УДК
9 (RLIN) 457019
УДК текст Движения с елементи на християнство. Вкл. Антропософско движение (Християнска общност)
УДК код 299.7
УДК – код + определител 299.7
084 ## - Класификационен индекс по друга класификация
Авторски знак Дъ - Д 95
100 ## - Редна дума - Автор
Автор Дънов, Петър Константинов
Звания и думи, свързани с автора Беинса Дуно ; Учителя Беинса Дуно
Години, свързани с автора 1864-1944
Биография на автора Философ, създава Школата на Всемирното Бяло братство в България
R(LIN) 363384
245 ## - Сведения за заглавието
Заглавие Книга на тайнствата
Подзаглавни данни Из словото на Учителя Петър Дънов
Авторска отговорност комент., предг. Елеазар Хараш
250 ## - Област на изданието
Поредност на изданието 2. изд.
260 ## - Област на издателските данни
9 (RLIN) 391418
Място на издаване Варна
Име на издателя Светът на книгите
Година на издаване 2022
Печатница [Варна]: Колор принт
300 ## - Физическа характеристика
Брой страници 384 с.
Размер 20 см
380 ## - Жанр
Жанр Философия
500 ## - Общи забележки
Обща забележка Елеазар Хараш - псевд. на авт. на доп. материал Петко Йорданов Йорданов<br/>1. изд. 2009 на изд. Логос, установено от доп. източник<br/>
504 ## - Забележка за наличие на библиография и др
Библиография Библиогр.: с. 381-383
650 #7 - Допълнително описание по предмет – тема
9 (RLIN) 153927
Предметна рубрика Дъновизъм
700 1# - Други автори (авторска отговорност)
Друг автор Хараш, Елеазар
Пълното име на др. автор Йорданов, Петко Йорданов
Друга информация Писател и издател, езотерика
9 (RLIN) 136203
852 ## - Местоположение
Сигнатура (форматна) Цб 321417
Отдел Хранилище
852 ## - Местоположение
Отдел Заемна - подръчен фонд
Систематично-азбучна сигнатура 14/Д 95 П
856 ## - Електронен адрес и достъп
Инструкция (цена за достъп) 0.00
Права за достъп disable
942 ## - АРТИКУЛИ
Вид на библиотечния документ Книги
Скрит в OPAC Не
Koha issues (borrowed), all copies 3
944 ## - СЪЗДАВАНЕ И РЕДАКЦИЯ на ЗАПИСА
Дата на регистрацията/редакция Моника Янева
Служител, извършил регистрацията/редакцията 30576
Номер на служител Цветомила Тодорова
999 ## - СИСТЕМНИ КОНТРОЛНИ НОМЕРА
Koha biblionumber 500176
Koha biblioitemnumber 500176
Наличности
Код за отписване Код за изгубен артикул Източник на класификационната схема Код за повреда Коз за рестрикции Код за отдаване Артикулен № Име на библиотеката - собственик Име на библиотеката, в която се намира в момента Статус (Текущо местоположение) Дата на вписване в системата Местоположение - отдел Цена в лева Инвентарен номер Систематично азбучна сигнатура Баркод Цена в евро Служебен тип на артикула
  Не е изгубен Universal Decimal Classification Не е повреден само за читалня ползва се в читалня 939135 Регионална библиотека "Любен Каравелов" Русе Регионална библиотека "Любен Каравелов" Русе Хранилище 2024-01-17 Хранилище 16.00 120000898168 Цб 321417 120000898168 8.18 Книги
  Не е изгубен Universal Decimal Classification Не е повреден   заемане за дома 942088 Регионална библиотека "Любен Каравелов" Русе Регионална библиотека "Любен Каравелов" Русе Заемна - подръчен фонд 2024-04-05 Заемна - подръчен фонд 16.00 120000901059 14/Д 95 П 120000901059 8.18 Книги
Vip Innovations Ltd, Rousse, Bulgaria 2025